Diseños de repetición : manual para diseñadores, artistas y arquitectos /
Obra en que se muestran ejemplos de diseños de repetición, es decir, diseños compuestos por uno o más motivos, multiplicados y dispuestos en una secuencia ordenada, y un motivo singular con una unidad con la cual el diseñador compone un dibujo repitiéndola a intervalos regulares sobre una superficie...
Na minha lista:
| Autor principal: | |
|---|---|
| Outros Autores: | |
| Formato: | Livro |
| Idioma: | espanhol |
| Publicado em: |
México :
Gustavo Gili,
1996, c1996
|
| Assuntos: | |
| Tags: |
Sem tags, seja o primeiro a adicionar uma tag!
|
MARC
| LEADER | 00000nam^a2200000^a^4500 | ||
|---|---|---|---|
| 001 | 000172119 | ||
| 005 | 20250521000000.0 | ||
| 009 | 20260310101408.893 | ||
| 020 | |a 968-887-316-0 | ||
| 037 | |a Acervo ITESO - Biblioteca | ||
| 041 | |a ESP | ||
| 082 | |a 709. |b PHI | ||
| 100 | |a Phillips, Peter |e (autor) | ||
| 245 | 1 | 0 | |a Diseños de repetición : |b manual para diseñadores, artistas y arquitectos / |c P. Phillips, G. Bunce ; tr. por Eugeni Rosell i Miralles. |
| 264 | 4 | |a México : |b Gustavo Gili, |c 1996, c1996 | |
| 300 | |a 192 p. | ||
| 336 | |a texto |b txt |2 rdacontenido | ||
| 337 | |a sin mediación |b n |2 rdamedio | ||
| 338 | |a volumen |b nc |2 rdasoporte | ||
| 500 | |a Traducción de: Repeat Patterns. A Manual for Designers, Artists and Architects | ||
| 520 | |a Obra en que se muestran ejemplos de diseños de repetición, es decir, diseños compuestos por uno o más motivos, multiplicados y dispuestos en una secuencia ordenada, y un motivo singular con una unidad con la cual el diseñador compone un dibujo repitiéndola a intervalos regulares sobre una superficie; el motivo en sí mismo no es un diseño, pero sirve de base para crear diferentes diseños según se le organice en un área. | ||
| 649 | |a XX | ||
| 650 | |a Motivos Ornamentales | ||
| 650 | |a Decoración y Ornamentación | ||
| 650 | |a Diseño Gráfico | ||
| 650 | |a Diseño Arquitectónico | ||
| 650 | |a Arquitectura | ||
| 650 | |a Comunicación Visual | ||
| 650 | |a Arte | ||
| 700 | |a Bunce, Gillian |e (autor) | ||
| 910 | |a Fondo General | ||
| 920 | |a Impresos - Libros | ||
| 930 | |a Reserva Especial | ||
| 905 | |a 103 | ||
| 901 | |a 0500109611 |b IT1 |c REE |u 20250521 | ||
| 902 | |a https://opac.biblio.iteso.mx/vufind/Record/000172119 | ||